01015nam a2200289 i 4500001001000000003000900010005001700019007000300036008004100039020001500080040003000095041000800125082003000133245007000163250002200233264007500255300004500330336002700375337003300402338002800435490002900463500007100492504003900563600003600602651003700638700005000675000018874DO-SdBNP20250930080058.0ta100520s1997 dr c 000 0bspa d a8484002462 aDO-SdBNPbspacBNPHUerda aspa 4a923.57293bL965i 199722200aIdeario de Luperón (1839-1897) /ccompilador, José Chez Checo aSegunda edición 1aSanto Domingo :bComisión Permanente de Efemérides Patrias,c1997. a354 páginas :bilustraciones ;c23 cm. atextobtxt2rdacontent asin mediaciónbn2rdamedia avolumenbnc2rdacarrier1 aBiblioteca taller v274  aCon motivo del Centenario del fallecimiento de Gregorio Luperón. aBibliografía : páginas 321-32314aLuperón, Gregorio,d1839-1897 4aRepública DominicanaxHistoria1 aChez Checo, José,d1949-ecompilador4comp.